| 000 | 00608cam a22002411 4500 | ||
|---|---|---|---|
| 001 | sa 67004345 | ||
| 003 | DLC | ||
| 005 | 20260227112345.0 | ||
| 008 | 950302s1965 ii c 000 0 beno | ||
| 010 | _asa 67004345 | ||
| 025 | _aPL480:I-B-2772 | ||
| 035 | _a(OCoLC)32076453 | ||
| 040 |
_aDLC _cCU _dCU _dDLC |
||
| 042 | _apremarc | ||
| 050 | 0 | 0 |
_aHV7911.S3 _bA3 |
| 100 | 1 |
_aSaha, Hiralal, _d1901- |
|
| 245 | 1 | 0 | _aĀmāra puliṡī jībana. |
| 260 | _c[1965] | ||
| 300 |
_a2, 221 p. _bport. _c19 cm. |
||
| 500 | _aIn Bengali. | ||
| 500 | _aAutobiographical. | ||
| 650 | 0 |
_aPolice _zIndia _zWest Bengal. |
|
| 999 |
_c74403 _d74403 |
||